F.R.I.E.N.D.S Quiz (Easy) Stats

Quiz not verified by Sporcle

Challenge
Share
Tweet
Embed
Score 0/25 Timer 02:00
0 Plays Today
Question Answer % Correct
Who did Rachel get married to in Vegas?Ross
96.4%
What is the name of Phoebe's twin sister?Ursula
90.3%
Who works at Central Perk and is in love with Rachel?Gunther
85.4%
Which friend had seven sisters?Joey
84.1%
Where is F.R.I.E.N.D.S set?New York
79.9%
What animal hurts Monica at the beach?A jellyfish
76.9%
Where did Monica and Chandler first get together?London
76.6%
What is the name of Ross and Carol's son?Ben
72.4%
What was Ross's monkey called?Marcel
69.8%
What nationality is Joey's family?Italian
64.9%
Who's dad is a drag queen?Chandler
64.3%
Which two friends married in the season seven finale?Monica and Chandler
63.3%
Who was Ross's second wife?Emily
60.1%
Question Answer % Correct
Which character grew up on the street?Phoebe
58.1%
Who gave birth to a baby named Emma?Rachel
57.8%
What is Chandler's middle name?Muriel
57.1%
What is Joey's chat up line?How you doin?
52.3%
How did Phoebe's mother die?She committed suicide
46.1%
Who were famously 'on a break'?Ross and Rachel
44.5%
How many times has Ross been married?3
43.8%
Who sings the F.R.I.E.N.D.S theme song, I'll Be There For You?The Rembrandts
41.9%
How many babies did Phoebe have?3
39.6%
Who did Phoebe marry in season ten?Mike
39.3%
Who's catchphrase is 'Oh My God!'?Janice
30.2%
How many friends have had a crush on Rachel?2
24.7%

You're not logged in!

Compare scores with friends on all Sporcle quizzes.
Sign Up with Email
OR
Log In

You Might Also Like...

Show Comments

Extras

Top Quizzes Today


Score Distribution

Your Account Isn't Verified!

In order to create a playlist on Sporcle, you need to verify the email address you used during registration. Go to your Sporcle Settings to finish the process.